000 00397nam a2200157Ia 4500
003 LK-CoDNM
008 010623t1850 xxu||||| |||| 00| 1 eng d
040 _aLK-CoDNM
_dLK-CoDNM
_eLK-CoDNM
041 _aeng
080 _a7 S.14
100 _aBaillie,Neil.B.E
245 _aThe Moohummudan Law of Sale
260 _bSmith Elder and Co.
_aLondon
_c1850
300 _blxii,351p., 20 cm
942 _cBK
999 _c81303
_d81303